000 00456nam a2200181Ia 4500
003 OSt
005 20260303154604.0
008 250729s1963 xx 000 0 und d
040 _cAL
041 _aeng
082 _a420 RUTP
100 _aRuth Goode
_9229837
245 _aThe parents guide of the book shelf for boys and girls
260 _aThe University Society
_bAmeica
_c1963
300 _a427p
650 _aEnglish
_9229838
942 _2ddc
_cBED
999 _c238481
_d238481